Komunikácia a jej nástroje využívané v pracovnom procese
Klasifikácia komunikačných nástrojov. Výsledky prieskumu, ktorého cieľom bolo zistiť, aké komunikačné nástroje sú v podnikoch využívané v súčasnosti, ako sú s komunikáciou v jednotlivých podnikoch spokojní prichádzajúci zamestnanci a akým spôsobom by ju navrhovali zlepšiť.
Gespeichert in:
| 1. Verfasser: | |
|---|---|
| Format: | Buchkapitel |
| Sprache: | Slowakisch |
| Schlagworte: | |
| Tags: |
Keine Tags, Fügen Sie das erste Tag hinzu!
|
MARC
| LEADER | 00000nla a2200000 4500 | ||
|---|---|---|---|
| 001 | 0162851 | ||
| 005 | 20240502072824.8 | ||
| 041 | 0 | |a slo | |
| 044 | |a SK | ||
| 245 | 1 | 0 | |a Komunikácia a jej nástroje využívané v pracovnom procese |c Jana Kedrová |
| 520 | |a Klasifikácia komunikačných nástrojov. Výsledky prieskumu, ktorého cieľom bolo zistiť, aké komunikačné nástroje sú v podnikoch využívané v súčasnosti, ako sú s komunikáciou v jednotlivých podnikoch spokojní prichádzajúci zamestnanci a akým spôsobom by ju navrhovali zlepšiť. | ||
| 610 | 2 | 0 | |a komunikácia firemná |
| 610 | 2 | 0 | |a komunikácia interná |
| 610 | 2 | 0 | |a komunikácia elektronická |
| 610 | 2 | 0 | |a zamestnanci |
| 610 | 2 | 0 | |a školenie odborné |
| 610 | 2 | 0 | |a semináre |
| 610 | 2 | 0 | |a technológie informačné |
| 610 | 2 | 0 | |a technológie komunikačné |
| 610 | 2 | 0 | |a prieskum |
| 100 | 1 | |a Kedrová, Jana | |